The Blue Cross & Blue Shield guide to Staying Well / (Record no. 5341)

MARC details
000 -LEADER
fixed length control field 00883cam a2200289 a 4500
001 - CONTROL NUMBER
control field 3262596
003 - CONTROL NUMBER IDENTIFIER
control field GBCCL
005 - DATE AND TIME OF LATEST TRANSACTION
control field 20241126110539.0
008 - FIXED-LENGTH DATA ELEMENTS--GENERAL INFORMATION
fixed length control field 820823s1982 ilua 001 0 eng
010 ## -
-- 81071076
020 ## - INTERNATIONAL STANDARD BOOK NUMBER
International Standard Book Number 0809257173 :
Terms of availability $14.95
020 ## - INTERNATIONAL STANDARD BOOK NUMBER
International Standard Book Number 0809257165 (pbk.)
040 ## - CATALOGING SOURCE
Transcribing agency gbc
050 00 -
-- RA776
-- .B64 1982
082 ## - DEWEY DECIMAL CLASSIFICATION NUMBER
Classification number 613
Item number STA
245 04 - TITLE STATEMENT
Title The Blue Cross & Blue Shield guide to Staying Well /
Statement of responsibility, etc. Edited by Duane R. Carlson
260 ## - PUBLICATION, DISTRIBUTION, ETC.
Place of publication, distribution, etc. Chicago :
Name of publisher, distributor, etc. Contemporary Books,
Date of publication, distribution, etc. 1982.
300 ## - PHYSICAL DESCRIPTION
Extent 162 p.;
Other physical details ill.,
Dimensions 23 cm.
500 ## - GENERAL NOTE
General note Includes index.
650 #0 - SUBJECT ADDED ENTRY--TOPICAL TERM
Topical term or geographic name entry element Self Care, Health
9 (RLIN) 9628
710 2# - ADDED ENTRY--CORPORATE NAME
Corporate name or jurisdiction name as entry element Blue Cross Association.
9 (RLIN) 9629
710 2# - ADDED ENTRY--CORPORATE NAME
Corporate name or jurisdiction name as entry element Blue Shield Association.
9 (RLIN) 9630
740 0# -
-- Blue Cross and Blue Shield guide to staying well.
740 0# -
-- Staying well.
906 ## - LOCAL DATA ELEMENT F, LDF (RLIN)
a 7
b cbc
c orignew
d 2
e opcn
f 19
g y-gencatlg
942 ## - ADDED ENTRY ELEMENTS (KOHA)
Source of classification or shelving scheme Dewey Decimal Classification
Koha item type Books
Holdings
Withdrawn status Lost status Source of classification or shelving scheme Damaged status Not for loan Home library Current Library Shelving location Date acquired Total checkouts Full call number Barcode Date last seen Copy number Price effective from Koha item type
    Dewey Decimal Classification     GRACE BIBLE COLLEGE GRACE BIBLE COLLEGE General Studies 2018-03-15   613 STA 009514 2025-05-01 c.1 2018-03-15 Books
© Grace Bible College Library 2025